Ep o Gilgamešu - Statistics

General Stats
  • This quiz has been taken 563 times
  • The average score is 11 of 15
Answer Stats
Question Answer % Correct
U kom gradu je vladao Gilgameš? Uruk
97%
Ko je Gilgamešov najbolji drug? Enkidu
94%
Kom književnom rodu pripada "Ep o Gilgamešu"? Epika
89%
Koliko "Ep o Gilgamešu" ima ploča? 12
87%
Zašto je Gilgameš krenuo na svoje putovanje nakon Enkiduove smrti? Plašio se smrti i tražio je način da postane besmrtan
86%
Kako se zvao Ištarin otac? Anu
73%
Iz čijeg hrama je lovac odveo mladu ženu Enkiduu? Ištarinog
71%
Koji bog je Gilgamešu i Enkiduu naredio da se bore,protiv koga,i gde? Šamaš, Humbaba, Kedrova šuma
70%
Gde se nalazi čudotvorna trava i ko ju je ukrao? Na dnu mora, zmija.
64%
Kako se zvao lađar koji će prevesti Gilgameša? Ur-Šanabi
64%
Ko je stvorio Enkidua? Аruru
59%
Ko su čuvari kapije i koje je ime kapije? Dva diva, polu skorpioni polu ljudi, Kapija neba
56%
Presto koje Boginje stoji visoko nad obalom mora? Siduri Sabitu
53%
Šta je Ur-Šanabi tražio od Gilgameša i zašto? Tražio mu je 120 stabala zato što je uništio sanduke.
50%
Koliko dana se Enkidu mučio pre njegove smrti? 12
40%
No matching quizzes found
Score Distribution
Percent of People with Each Score
Percentile by Number Answered
Your Score History
You have not taken this quiz